[Event "Titled Tuesday intern op 20th Jun Early"]
[Site "Chess.com INT"]
[Date "2023.06.20"]
[Round "6"]
[White "Fudalej, Michal"]
[Black "Vafin, Ayrat"]
[Result "1-0"]
[WhiteElo "2188"]
[BlackElo "2302"]
[PlyCount "53"]
[EventDate "2023.06.20"]
[EventType "swiss (blitz)"]
[EventRounds "11"]
[EventCountry "USA"]
[SourceTitle "EXT 2024"]
[Source "ChessBase"]
[SourceDate "2023.10.10"]
[SourceVersion "1"]
[SourceVersionDate "2023.10.10"]
[SourceQuality "1"]

1. Nf3 d5 2. g3 Nf6 3. Bg2 Bg4 4. b3 Nbd7 5. Bb2 Bxf3 6. Bxf3 e5 7. Bg2 Bd6 8. d3 c6 9. Nd2 0-0 10. 0-0 a5 11. a3 Re8 12. e4 Bc5 13. Re1 Qb6 14. Qe2 h5 15. Bf3 Ng4 16. Rf1 g6 17. Bxg4 hxg4 18. Qxg4 Nf6 19. Qg5 Nh7 20. Qh6 Rad8 21. Rae1 a4 22. b4 Bf8 23. Qh3 c5 24. exd5 cxb4 25. Nc4 Qb5 26. axb4 Qxd5 27. Rxe5 1-0

[Event "Titled Tuesday intern op 13th Jun Early"]
[Site "Chess.com INT"]
[Date "2023.06.13"]
[Round "6"]
[White "Vargas, Mauricio"]
[Black "Fudalej, Michal"]
[Result "1-0"]
[WhiteElo "2035"]
[BlackElo "2188"]
[PlyCount "59"]
[EventDate "2023.06.13"]
[EventType "swiss (blitz)"]
[EventRounds "11"]
[EventCountry "USA"]
[SourceTitle "EXT 2024"]
[Source "ChessBase"]
[SourceDate "2023.10.10"]
[SourceVersion "1"]
[SourceVersionDate "2023.10.10"]
[SourceQuality "1"]

1. e4 c6 2. Nc3 d5 3. d3 g6 4. g3 Bg7 5. Bg2 Nf6 6. e5 Nfd7 7. f4 d4 8. Ne4 c5 9. Nf3 Nc6 10. 0-0 b6 11. e6 fxe6 12. Neg5 Nf8 13. Ne5 Nxe5 14. Bxa8 Nf7 15. Bc6+ Bd7 16. Qf3 h6 17. Bxd7+ Qxd7 18. Qa8+ Qd8 19. Qxd8+ Nxd8 20. Ne4 Nd7 21. Bd2 Kf7 22. a4 Nc6 23. a5 b5 24. h4 a6 25. c3 dxc3 26. bxc3 Rd8 27. Be3 c4 28. dxc4 bxc4 29. Rfd1 Ke8 30. Bb6 1-0

[Event "Titled Tuesday intern op 01st Nov Early"]
[Site "Chess.com INT"]
[Date "2022.11.01"]
[Round "6"]
[White "Fudalej, Michal"]
[Black "Chernov, Mikhail"]
[Result "1-0"]
[WhiteElo "2188"]
[BlackElo "2213"]
[PlyCount "107"]
[EventDate "2022.11.01"]
[EventType "swiss (blitz)"]
[EventRounds "11"]
[EventCountry "USA"]
[SourceTitle "EXT 2024"]
[Source "ChessBase"]
[SourceDate "2023.10.10"]
[SourceVersion "1"]
[SourceVersionDate "2023.10.10"]
[SourceQuality "1"]

1. Nf3 c5 2. g3 Nc6 3. Bg2 e5 4. d3 g6 5. c4 Bg7 6. 0-0 Nge7 7. Nc3 d6 8. Ne1 0-0 9. Nc2 h6 10. Ne3 f5 11. Ned5 Nxd5 12. Nxd5 Kh7 13. Rb1 a5 14. b3 Be6 15. a3 Ne7 16. Nxe7 Qxe7 17. b4 cxb4 18. axb4 a4 19. b5 e4 20. Ba3 Rfd8 21. Rb4 d5 22. Rxa4 Qd7 23. dxe4 fxe4 24. cxd5 Bxd5 25. Rxa8 Rxa8 26. Bxe4 Qxb5 27. Qxd5 Qxd5 28. Bxd5 Rxa3 29. Bxb7 h5 30. Bf3 h4 31. Kg2 hxg3 32. hxg3 Ra1 33. Rxa1 Bxa1 34. e3 Kg7 35. Be4 g5 36. Kf3 Kf6 37. Kg4 Bc3 38. f4 gxf4 39. exf4 Be1 40. Kf3 Bd2 41. g4 Bc1 42. g5+ Kg7 43. Kg4 Bd2 44. Kf5 Bc1 45. Kg4 Bd2 46. f5 Bc3 47. Bd5 Bb2 48. Bb3 Bc3 49. Bc2 Bb2 50. Kf3 Bc1 51. f6+ Kf7 52. Kg4 Bb2 53. Kf5 Bc3 54. g6+ 1-0

[Event "Titled Tuesday intern op 01st Nov Early"]
[Site "Chess.com INT"]
[Date "2022.11.01"]
[Round "7"]
[White "Fudalej, Michal"]
[Black "Jovic, Stanoje"]
[Result "1-0"]
[WhiteElo "2188"]
[BlackElo "2055"]
[PlyCount "69"]
[EventDate "2022.11.01"]
[EventType "swiss (blitz)"]
[EventRounds "11"]
[EventCountry "USA"]
[SourceTitle "EXT 2024"]
[Source "ChessBase"]
[SourceDate "2023.10.10"]
[SourceVersion "1"]
[SourceVersionDate "2023.10.10"]
[SourceQuality "1"]

1. Nf3 Nf6 2. g3 b5 3. Bg2 Bb7 4. 0-0 e6 5. b3 c6 6. Bb2 d5 7. d3 Be7 8. Nbd2 0-0 9. e4 a5 10. a4 Na6 11. Nd4 Qb6 12. e5 Nd7 13. Qe2 Nac5 14. Bc3 f5 15. exf6 Bxf6 16. Kh1 Rfe8 17. axb5 cxb5 18. f4 a4 19. N2f3 axb3 20. cxb3 b4 21. Bb2 e5 22. fxe5 Nxe5 23. Nxe5 Rxe5 24. Qc2 Rae8 25. Rac1 Na6 26. Bf3 g6 27. Kg2 Kg7 28. Rf2 Bc8 29. Rcf1 Rh5 30. h4 Bxd4 31. Bxd4+ Qxd4 32. Bxh5 gxh5 33. Qc6 Re7 34. Qxc8 Qe5 35. Qf8+ 1-0

[Event "Titled Tuesday intern op 01st Nov Early"]
[Site "Chess.com INT"]
[Date "2022.11.01"]
[Round "5"]
[White "Osmonbekov, Talaibek D"]
[Black "Fudalej, Michal"]
[Result "0-1"]
[WhiteElo "2137"]
[BlackElo "2188"]
[PlyCount "72"]
[EventDate "2022.11.01"]
[EventType "swiss (blitz)"]
[EventRounds "11"]
[EventCountry "USA"]
[SourceTitle "EXT 2024"]
[Source "ChessBase"]
[SourceDate "2023.10.10"]
[SourceVersion "1"]
[SourceVersionDate "2023.10.10"]
[SourceQuality "1"]

1. d4 Nf6 2. Bf4 g6 3. Nc3 d5 4. e3 Bg7 5. h4 Bg4 6. f3 Bf5 7. g4 Bc8 8. h5 c6 9. Qd2 b6 10. 0-0-0 a5 11. Bd3 Ba6 12. Nge2 Bxd3 13. cxd3 Na6 14. h6 Bf8 15. e4 e6 16. Ng3 Be7 17. Kb1 Qd7 18. g5 Ng8 19. Be5 f6 20. gxf6 Bxf6 21. exd5 exd5 22. Qf4 Qf7 23. Bxf6 Nxf6 24. Rde1+ Kd7 25. Re5 Rae8 26. Rhe1 Nc7 27. Rc1 Rhf8 28. Nge2 Re6 29. Na4 Rb8 30. Qe3 Ng8 31. Nf4 Rf6 32. Ng2 Rxf3 33. Qe1 Rf2 34. Qc3 Qf6 35. Ne3 Qd6 36. Ng4 Rf5 0-1

[Event "Titled Tuesday intern op 18th Oct Early"]
[Site "Chess.com INT"]
[Date "2022.10.18"]
[Round "3"]
[White "Fudalej, Michal"]
[Black "Andrews, Todd D"]
[Result "0-1"]
[WhiteElo "2188"]
[BlackElo "2188"]
[PlyCount "84"]
[EventDate "2022.10.18"]
[EventType "swiss (blitz)"]
[EventRounds "11"]
[EventCountry "USA"]
[SourceTitle "EXT 2024"]
[Source "ChessBase"]
[SourceDate "2023.10.10"]
[SourceVersion "1"]
[SourceVersionDate "2023.10.10"]
[SourceQuality "1"]

1. Nf3 c5 2. g3 b6 3. Bg2 Bb7 4. c4 g6 5. b3 Bg7 6. Nc3 Nf6 7. Bb2 0-0 8. e3 d6 9. d4 cxd4 10. exd4 Nbd7 11. 0-0 a6 12. Re1 Rc8 13. Qe2 Re8 14. Rad1 Rc7 15. d5 Nc5 16. Nd4 Qa8 17. Bf3 Nfd7 18. b4 Ne5 19. bxc5 Rxc5 20. Qf1 Nxc4 21. Ba1 b5 22. Nb3 Rcc8 23. Be4 Ne5 24. Ne2 f5 25. Bg2 a5 26. Nf4 a4 27. Nd4 b4 28. Nfe6 Bf6 29. Nf3 Ba6 30. Re2 Rc2 31. Rde1 Rxe2 32. Rxe2 Bxe2 33. Qxe2 Qxd5 34. Nxe5 Qxe6 35. Qb5 Qc8 36. Bd5+ Kg7 37. Bc6 Rf8 38. Nd7 Bxa1 39. Nxf8 Qxf8 40. Qxb4 Qf6 41. Qxa4 Qc3 42. Qc2 Qxc2 0-1

[Event "Titled Tuesday intern op 18th Oct Early"]
[Site "Chess.com INT"]
[Date "2022.10.18"]
[Round "6"]
[White "Fudalej, Michal"]
[Black "Ferreira, Vitor Hugo Vieira"]
[Result "0-1"]
[WhiteElo "2188"]
[BlackElo "2128"]
[PlyCount "70"]
[EventDate "2022.10.18"]
[EventType "swiss (blitz)"]
[EventRounds "11"]
[EventCountry "USA"]
[SourceTitle "EXT 2024"]
[Source "ChessBase"]
[SourceDate "2023.10.10"]
[SourceVersion "1"]
[SourceVersionDate "2023.10.10"]
[SourceQuality "1"]

1. Nf3 Nf6 2. g3 d5 3. Bg2 c6 4. b3 Bg4 5. Bb2 Nbd7 6. d3 e6 7. Nbd2 Be7 8. 0-0 0-0 9. Qe1 a5 10. a4 Bb4 11. e4 dxe4 12. dxe4 Nc5 13. c3 Nd3 14. Qb1 Nxb2 15. Qxb2 Bc5 16. e5 Nd5 17. Ne4 Be7 18. Rad1 Qb6 19. c4 Ne3 20. fxe3 Qxe3+ 21. Kh1 Qxe4 22. Rd4 Qg6 23. Nd2 h5 24. Ne4 Rad8 25. Nd6 Rd7 26. c5 Rfd8 27. Qd2 f6 28. exf6 gxf6 29. Qxa5 e5 30. Rd2 Bxd6 31. cxd6 Rxd6 32. Rxd6 Rxd6 33. Qc7 Rd2 34. Qxb7 Qc2 35. Qxc6 Bh3 0-1

[Event "Titled Tuesday intern op 19th Jul Early"]
[Site "Chess.com INT"]
[Date "2022.07.19"]
[Round "8"]
[White "Fudalej, Michal"]
[Black "Kanyamarala, Trisha"]
[Result "0-1"]
[WhiteElo "2188"]
[BlackElo "2270"]
[PlyCount "52"]
[EventDate "2022.07.19"]
[EventType "swiss (blitz)"]
[EventRounds "11"]
[EventCountry "USA"]
[SourceTitle "EXT 2023"]
[Source "ChessBase"]
[SourceDate "2022.10.05"]
[SourceVersion "1"]
[SourceVersionDate "2022.10.05"]
[SourceQuality "1"]

1. Nf3 d5 2. g3 Nf6 3. Bg2 g6 4. b3 Bg7 5. Bb2 0-0 6. 0-0 c5 7. c4 d4 8. e3 Nc6 9. exd4 cxd4 10. Re1 a5 11. d3 Re8 12. Na3 e5 13. Nb5 Bf5 14. Ng5 h6 15. Ne4 Bxe4 16. Bxe4 Nxe4 17. Rxe4 f5 18. Re1 e4 19. dxe4 fxe4 20. Qg4 e3 21. fxe3 Ne5 22. Qd1 dxe3 23. Rxe3 Qg5 24. Re4 Rad8 25. Qe2 Rd2 26. Rxe5 Bxe5 0-1

[Event "Titled Tuesday intern op 19th Jul Early"]
[Site "Chess.com INT"]
[Date "2022.07.19"]
[Round "6"]
[White "Ismayil, Malak"]
[Black "Fudalej, Michal"]
[Result "0-1"]
[WhiteElo "1941"]
[BlackElo "2188"]
[PlyCount "126"]
[EventDate "2022.07.19"]
[EventType "swiss (blitz)"]
[EventRounds "11"]
[EventCountry "USA"]
[SourceTitle "EXT 2023"]
[Source "ChessBase"]
[SourceDate "2022.10.05"]
[SourceVersion "1"]
[SourceVersionDate "2022.10.05"]
[SourceQuality "1"]

1. e4 c6 2. d4 d5 3. Nc3 g6 4. Nf3 Bg7 5. h3 Nf6 6. e5 Ne4 7. Nxe4 dxe4 8. Ng5 c5 9. Bc4 0-0 10. c3 cxd4 11. cxd4 b5 12. Bb3 Bb7 13. 0-0 h6 14. Nxf7 Rxf7 15. Bxf7+ Kxf7 16. Be3 e6 17. Rc1 Nd7 18. Qd2 g5 19. h4 gxh4 20. Bxh6 Kg6 21. Bxg7 Kxg7 22. Rc3 Nf8 23. Rfc1 Rc8 24. Qe2 Rxc3 25. bxc3 Qg5 26. Qe3 Qxe3 27. fxe3 Bd5 28. Rb1 a6 29. a3 Bc4 30. Kf2 Kg6 31. Rh1 Kg5 32. g3 Ng6 33. gxh4+ Nxh4 34. Rg1+ Kf5 35. Rg7 a5 36. Ra7 a4 37. Rf7+ Kg5 38. Rg7+ Kh6 39. Rg4 Nf5 40. Rxe4 Kg5 41. Rf4 Ne7 42. Rf7 Nd5 43. e4 Nxc3 44. Ke3 Nb1 45. Rg7+ Kh6 46. Rd7 Nxa3 47. d5 exd5 48. exd5 Nc2+ 49. Kd2 Nd4 50. Kc3 Ne2+ 51. Kb4 Nf4 52. d6 Kg6 53. Ra7 Kf5 54. Re7 Nd5+ 55. Kc5 Nxe7 56. dxe7 Bf7 57. Kxb5 a3 58. Kc6 a2 59. Kd7 a1Q 60. e8Q Bxe8+ 61. Kxe8 Qxe5+ 62. Kf8 Qc7 63. Kg8 Kg6 0-1

[Event "Titled Tuesday intern op 19th Jul Early"]
[Site "Chess.com INT"]
[Date "2022.07.19"]
[Round "5"]
[White "Sadykov, Ramil"]
[Black "Fudalej, Michal"]
[Result "1-0"]
[WhiteElo "2345"]
[BlackElo "2188"]
[PlyCount "103"]
[EventDate "2022.07.19"]
[EventType "swiss (blitz)"]
[EventRounds "11"]
[EventCountry "USA"]
[SourceTitle "EXT 2023"]
[Source "ChessBase"]
[SourceDate "2022.10.05"]
[SourceVersion "1"]
[SourceVersionDate "2022.10.05"]
[SourceQuality "1"]

1. e4 c6 2. Nf3 d5 3. Nc3 Bg4 4. h3 Bxf3 5. Qxf3 Nf6 6. Be2 e6 7. 0-0 Bb4 8. e5 Nfd7 9. d4 0-0 10. Qg3 Kh8 11. Bd3 c5 12. Bg5 f6 13. Qh4 g6 14. Bxg6 Qe7 15. exf6 Nxf6 16. Bxf6+ Rxf6 17. Bxh7 cxd4 18. Bd3+ Kg8 19. Qxd4 Nc6 20. Qg4+ Kf8 21. a3 Bd6 22. Rae1 Ne5 23. Qh5 Nxd3 24. Nxd5 Qg7 25. Nxf6 Nxe1 26. Nh7+ Kg8 27. Rxe1 Qxh7 28. Qg4+ Qg7 29. Qxe6+ Kh8 30. Qxd6 Rg8 31. Qe5 Rd8 32. Qxg7+ Kxg7 33. Re7+ Kf6 34. Rxb7 Rd1+ 35. Kh2 Rd2 36. Kg3 a5 37. b4 axb4 38. axb4 Rxc2 39. h4 Rc3+ 40. f3 Rb3 41. b5 Kf5 42. Rb8 Ke6 43. b6 Kd7 44. b7 Kc7 45. Rh8 Kxb7 46. Rd8 Kc6 47. Rd1 Kc7 48. h5 Kc8 49. h6 Rb6 50. Rh1 Rg6+ 51. Kf4 Rf6+ 52. Kg5 1-0

[Event "Titled Tuesday intern op 24th Aug"]
[Site "Chess.com INT"]
[Date "2021.08.24"]
[Round "7"]
[White "Temirkanov, David"]
[Black "Fudalej, Michal"]
[Result "1-0"]
[WhiteElo "2282"]
[BlackElo "2203"]
[PlyCount "61"]
[EventDate "2021.08.24"]
[EventType "swiss (blitz)"]
[EventRounds "11"]
[EventCountry "USA"]
[SourceTitle "EXT 2022"]
[Source "ChessBase"]
[SourceDate "2021.10.06"]
[SourceVersion "1"]
[SourceVersionDate "2021.10.06"]
[SourceQuality "1"]

1. e4 c6 2. d3 d5 3. Nf3 dxe4 4. dxe4 Qxd1+ 5. Kxd1 g6 6. Nfd2 Bg7 7. c3 a5 8. a4 Na6 9. Nc4 Nc5 10. Nbd2 Nf6 11. f3 Be6 12. Kc2 Nfd7 13. Be2 0-0 14. Nf1 Ne5 15. Nfe3 Rfd8 16. Bd2 Nxc4 17. Nxc4 Bxc4 18. Bxc4 e6 19. Bg5 Rd7 20. h4 h6 21. Be3 b6 22. Ra2 Kf8 23. Raa1 Ke7 24. h5 g5 25. b3 Be5 26. Rhd1 Rad8 27. Rxd7+ Rxd7 28. Ra2 Ra7 29. b4 axb4 30. a5 Ra8 31. axb6 1-0